书目信息 |
| 题名: |
土的本构关系
|
|
| 作者: | 蒋彭年 编著 | |
| 分册: | ||
| 出版信息: | 北京 科学出版社 1982 |
|
| 页数: | 278页 | |
| 开本: | 19cm | |
| 丛书名: | ||
| 单 册: | ||
| 中图分类: | TU431 | |
| 科图分类: | ||
| 主题词: | 土力学 | |
| 电子资源: | ||
| ISBN: | ||
| 000 | 00609nam0 2200241 45 | |
| 001 | 0182004279 | |
| 005 | 20040517110759.6 | |
| 010 | @dCNY1.40 | |
| 091 | @a13031.2052 | |
| 100 | @a19950526d1982 em y0chiy0121 ea | |
| 101 | 0 | @achi |
| 102 | @aCN@b110000 | |
| 105 | @ay z 000yy | |
| 106 | @ar | |
| 200 | 10 | @a土的本构关系@Atu de ben gou guan xi@f蒋彭年编著 |
| 210 | @a北京@c科学出版社@d1982 | |
| 215 | @a278页@d19cm | |
| 606 | 0 | @a土力学 |
| 690 | @aTU431 | |
| 701 | 0 | @a蒋彭年@Ajiang peng nian@4编著 |
| 801 | 0 | @aCN@b上海图书馆@c20040517 |
| 801 | 2 | @aCN@bNLC@c20040517 |
| 905 | @f1@b76899@dTU431@e9 | |
| 土的本构关系/蒋彭年编著.-北京:科学出版社,1982 |
| 278页;19cm |
| ISBN :CNY1.40 |
| ● |
| 相关链接 |
|
|
|
|
正题名:土的本构关系
索取号:TU431/9
 
预约/预借
| 序号 | 登录号 | 条形码 | 馆藏地/架位号 | 状态 | 备注 |
| 1 | 0076899 | 001481257 | 第三借阅区/ [索取号:TU431/9] | 在馆 | |
| 2 | 0076900 | 001481266 | 第二样本阅览室/ [索取号:TU431/9] | 在馆 |